| 000 | 00799nam a22002177a 4500 | ||
|---|---|---|---|
| 005 | 20240530110404.0 | ||
| 008 | 150129s2011 ua g b 000 0 ara d | ||
| 040 | _aEG-CaGPL | ||
| 041 | 0 | _aara | |
| 082 | 0 | 4 |
_221 _a128.3\ _bر ف |
| 100 | 0 | _aراوية عبدالمنعم عباس | |
| 245 | 1 | 2 |
_aالفلسفة : _bالفكر و الحرية و المسؤلية / _cراوية عبدالمنعم عباس |
| 260 |
_aالاسكندرية : _bدار المعرفة الجامعية ، _c2011 |
||
| 300 |
_a438 ص ؛ _c24 سم |
||
| 504 | _aيشتمل على ارجاعات ببليوجرافية | ||
| 650 | 0 | 4 |
_aالفلسفة _xتاريخ |
| 650 | 0 | 4 |
_aالفلسفة _xمذاهب |
| 650 | 0 | 4 |
_aالفلسفة _xنظريات |
| 942 |
_2ddc _cBK |
||
| 999 |
_c60329 _d60329 |
||